[Event "FIDE World Cup"]
[Site "Krasnaya Polyana"]
[Date "2021.08.04"]
[Round "8.1"]
[White "Fedoseev, Vladimir1"]
[Black "Carlsen, Magnus"]
[Result "0-1"]
[WhiteElo "2696"]
[BlackElo "2847"]
[Annotator "Giri,Anish"]
[PlyCount "82"]
[EventDate "2021.07.12"]
[EventType "k.o."]
[EventRounds "8"]
[EventCountry "RUS"]
[SourceTitle "CBM 204"]
[Source "ChessBase"]
[SourceDate "2021.10.31"]
[SourceVersion "1"]
[SourceVersionDate "2021.10.31"]
[SourceQuality "1"]

{[%evp 0,82,58,42,26,-29,44,-40,13,4,14,19,6,15,15,-28,13,20,4,5,16,7,27,15,15,13,32,27,38,10,55,-11,21,-34,67,67,57,17,139,135,183,154,154,167,164,164,164,98,98,97,97,54,130,125,112,44,109,28,44,44,0,0,0,0,0,0,0,0,0,0,81,0,81,0,15,-113,-38,-129,-91,-111,-120,-145,-145,-178,-239]} 1. d4 Nf6 2. c4 g6 3. h4 $5 {Magnus has chosen the Grunfeld (or, less likely, a King's Indian) and Vladimir in his turn also shows readiness for a full fledged fight. White has a ton of safer options, but no guts no glory and so 3.h4!? was essayed. The system has been somewhat of a joke for a while, continued to be so after Topalov did it against me in what has been a terrible Candidates tournament for him in 2016, but it was only after Grischuk has reintroduced it in the Grand Prix 2019, when people have realized that it is there to stay. The computers are surprisingly optimistic for White in the ensueing lines, but at the same time, Black does have a choice between a good King's Indian, a good Volga and a good Benoni.} Bg7 4. Nc3 d6 5. e4 Nc6 $5 {A cunning move order by Magnus, played after some thought. It is likely he was choosing from the plenty of options Black has at his disposal. The idea of Nc6 this early is that Black is ready to strike with e5, while the usual d4-d5 push is slightly less of an issue, as we will later see.} 6. d5 {Principled, but developing the g1 knight first is also sensible. 6.Nge2 happened in Shankland-Svidler, which ended Peter's tournament after he lost a complex game, but Vladimir has chosen another path, which seems critical as well.} Ne5 $1 {The point. The knight sits extremely well on this square, thanks to the far advanced h-pawn. Now f4 will always be met with Neg4. Note that this wouldn't be the case if white had the h2-h3! push, or if you could move pawns backwards in chess.} 7. Be2 h5 8. Bf4 $146 {In a position as complex as this one, every move is very critical and the smallest nuances can have serious impact. This feels very normal, but since White has no better next move than Nf3 anyway, he should have started with that instead and chosen a better destiny for the bishop later.} (8. Nf3 {is just a smarter move order in any case.} Nxf3+ 9. gxf3 O-O {and now that the pawn structure has clarified, it is easier to pick a good square for the c1 bishop. Placing it in front of the mobile f3 pawn looks unharmonious and instead Bg5 or Be3 is clearly to be preferred. As I understand such pawn structures, the position revolves around the f4-f5 push which White wants to time well. It isn't going to be easy, with Black having c6 break, followed by another break eventually, be it e6 or f5, or perhaps a queenside expansion with b5. White has a strong pawn center, but no clear shelter for his king, even in the long term.}) ({RR} 8. Nh3 O-O 9. Ng5 c6 10. O-O cxd5 11. cxd5 Bd7 12. Be3 a6 13. Rc1 b5 14. f3 Rc8 15. Qd2 b4 16. Nb1 a5 17. Rxc8 Qxc8 18. Rc1 Qb7 19. a3 Bb5 20. axb4 Bxe2 21. Qxe2 axb4 22. Nd2 Rc8 {Zemlyanskii,I (2541)-Dau Khuong Duy (2373) chess.com INT 2024 0-1 (59)}) ({RR} 8. Nh3 c6 9. Ng5 Bd7 10. O-O O-O 11. Bf4 Rc8 12. b3 cxd5 13. exd5 Qa5 14. Bd2 Neg4 15. Nce4 Qd8 16. Nxf6+ exf6 17. Nf3 Re8 18. Rc1 Qb6 19. Bc3 Bh6 20. Rc2 Bf5 21. Rb2 Ne3 22. Qd4 Qxd4 {Maghsoodloo,P (2716)-Ragger,M (2631) Chartres FRA 2023 ½-½ (57)}) ({RR} 8. Nf3 Neg4 9. Ng5 c6 10. f3 Ne5 11. Be3 O-O 12. O-O Bd7 13. Rc1 c5 14. g3 a6 15. a4 Qc8 16. Qc2 e6 17. b3 exd5 18. cxd5 Rb8 19. Ra1 Re8 20. Bc1 b5 21. axb5 axb5 22. Bb2 Qc7 {Ratkovic,M (2471)-Omorjan,D (2343) Bajina Basta SRB 2025 ½-½ (81)}) 8... O-O 9. Nf3 {What else, but now the placement of the dark squared bishop is very questionable.} Nxf3+ 10. gxf3 c6 {it is good to get c6 and cxd5 trade in, to have the c-file open, better control over the b5 square and some room for the d8 queen to play with.} 11. Qd2 cxd5 12. cxd5 Kh7 {Classy. The kingside is now just a little bit more tight, the h6 square guarded and if Black pushes f5 the soft g6 pawn is guarded, which can gain Black time.} 13. a4 $6 {Often when you try preventing counterplay on the side where you are weaker, you only delay the inevitable and weaken urself further. Black was eventually going to push b5, likely, but the cure is worse than the disease, and now the b3 square is weakened and when b5 will eventually happen, Black will have more files and diagonals open for his queenside play.} Nd7 14. a5 {White gains some space, but it is not very useful and Black can already start considering b5 push, with or even without the preparatory a7-a6.} f5 $1 {Magnus hits on the kingside first. The weakened g6 pawn is out of reach, while Black's pressure along the f-file is the primary factor here.} 15. Ra3 Ne5 (15... b5 $5 {was very timed here, as well and after the game, Magnus has mentioned this motif as well.}) 16. Be3 $6 {The bishop moves to a more harmonious square, not in the way of the f3 pawn, but this allows a strong positional pawn sacrifice.} f4 $1 {Black gives up the f-pawn, but gains ultimate control over the f4 square, which is crucial, as that will guarantee the eternal outpost for the monster knight on e5.} 17. Bxf4 Bd7 {Setting up a beautiful positional exchange sacrifice. Instead, there was a more laconic solution to the problem of the f4 square.} (17... Rf7 $5 {is less spectacular than what Magnus has done in the game, but at the very least just as effective. Qf8 is a huge threat, and White has no better option than to give up the f4 bishop for the knight, giving Black the ultimate dark square control at the cost of just one pawn.}) 18. Nd1 {White guards f3 and is ready to move the f4 bishop. Obviously Magnus has anticipated exactly this.} Rxf4 $1 {Beautiful and even though objectively the computers say the position is around equal, it was very clear to me, that Black will be having all the fun from now on. The evaluation of the computer is meant to estimate the computer's own chances in a game against itself, which doesn't always correspond to how the chances between the two human players are actually split.} 19. Qxf4 Bh6 20. Qg3 Qf8 $1 {Gaining control over the f4 square- the whole point of the sacrifice.} 21. Ne3 Bf4 22. Qg2 Rc8 {Rooks are meant for open files.} 23. Rc3 {Trading the potentially active c8 rook is very sensible. The engine offers the bold Rb3!? as an alternative, estimating the position as around level, but it is pretty scary to just ignore Rc1+.} Rxc3 24. bxc3 Qc8 {Now the queen switches to the queenside. White's pieces are in disharmony, though from a point of view of defense, he does still have a very solid, although depressing, setup.} 25. c4 b5 $5 {Opening files and keeping the Bh3 idea, in case White castles short.} 26. axb6 {This is called en passant, noobs. :)} axb6 27. Qg1 $4 {White basically needs to get the king to the right, so the rook can go to the left. Here he is preparing Kf1-Kg2, but he is just not in time.} (27. Kf1 $1 {first would achieve the goal of regrouping the pieces the right way. White can follow it up with Kg1 Qf1 if needed, or Qg1 Kg2, depending on the situation.} b5 {This wins Black an important pawn, but White can defend if he continues with the right plan.} 28. Qg1 $1 bxc4 29. Kg2 $1 Qc5 30. Qa1 {White just has to make sure the h1 rook gets to participate.} Bxe3 31. fxe3 Qxe3 32. Re1 {and surprisingly White is actually alive. He has given up a bunch of pawns, but got some coordination and with Qc1 incoming Black's active queen will have to give up some ground.}) (27. O-O $5 {would in my opinion be a very practical way to try and setup a defense. The rook is now directly ready to get into the game and if Black chooses to take it, which he should, then the position simplifies a lot and the drawing tendencies rise.} Bh3 28. Qh1 Bxf1 29. Kxf1 {Black can just take on e3 and regain the c4 pawn as well, but that will mean that the material balance is only restored and if Black cashes out all of his positional compensation back into material, we are likely see the game end peacefully.}) 27... Qa8 $1 28. Kf1 Qa2 $1 {The key. Stopping the much needed Kg2 move, which would release White's heavy pieces that are stuck in the cage. Now all of a sudden white is totally paralyzed.} 29. Ng2 Qa1+ {this works out more than perfectly, but objectively the clean win was starting with 29...Qb1!+} (29... Qb1+ $1 30. Ne1 b5 $1 {well timed shot. Computers always do that well.} 31. cxb5 Bxb5 {and Black keeps White stuck, as 32.Bxb5? loses to Nxf3+! intermezzo. White doesn't have a move here and is just lost.}) 30. Ne1 Qb2 {The queen is methodically coming closer. Fedoseev had his last chance here.} 31. Ng2 $2 {Playing along, but White can't afford that any longer.} (31. Nd3 $1 {barely looks more fun, trading the only piece that can actually attack something, ever, but at the same time, this would rid Black of some horsepower, pun intended.} Nxd3 32. Bxd3 Qc3 33. Be2 Qc2 {White is almost in zugzwang.} 34. Rh2 $1 {But almost. Without the knights, Black actually doesn't have a clear way to win, as White just stands, but at the same time, to say that White is fine here, would be a gross exaggeration.}) 31... Qc1+ 32. Ne1 Qd2 {now White is truly stuck, as 33.Ng2 is losing to Nd3!. White now has to shuffles his queen and rook, inside a cage, waiting for the finishing blow, that Black inevitably will come up with. e6 is a resource to soften up white's pawn formation in the center and in the long run, the e5 knight is also free to roam around.} 33. Qg2 Kg7 34. Rg1 Kf8 $5 {taking the time and moving away from any Nd3 Nxd3 Qxg6 tricks.} 35. Qh1 e6 $1 {Gains Black some extra squares.} 36. Rg3 exd5 37. exd5 Bf5 {The bishop is better placed here and the e5 knight is now free to embark on a finishing journey.} 38. Rg1 Kf7 39. Rg3 Nd7 40. Rg5 Bxg5 $1 {In a dominating position, it is very important, at some point to just start cashing it out. The rook can and should be picked up now.} 41. hxg5 Ne5 {the threat was stronger than the excecution and White is just dead lost here. White has to move his queen and then Qc1 will create a deadly threat of Nd3. White has resigned. His position is helpless and he has been demolished and demoralized, but as it is often the case in chess, it didn't have to happen (28.0-0!/28.Kf1!).  It did though.} 0-1

[Event "EU-Cup 36th"]
[Site "Struga"]
[Date "2021.09.22"]
[Round "5.1"]
[White "Mamedyarov, Shakhriyar"]
[Black "Carlsen, Magnus"]
[Result "1/2-1/2"]
[WhiteElo "2762"]
[BlackElo "2855"]
[PlyCount "137"]
[EventDate "2021.09.18"]
[EventType "team-swiss"]
[EventRounds "7"]
[EventCountry "MKD"]
[SourceTitle "CBM 204 Extra"]
[Source "ChessBase"]
[SourceDate "2022.09.12"]
[SourceVersion "1"]
[SourceVersionDate "2022.09.12"]
[SourceQuality "1"]
[WhiteTeam "Alkaloid"]
[BlackTeam "Offerspill CC"]
[WhiteTeamCountry "MKD"]
[BlackTeamCountry "NOR"]

1. d4 g6 2. c4 Bg7 3. Nf3 Nf6 4. Nc3 d6 5. g3 O-O 6. Bg2 Nc6 7. O-O e5 8. h3 Re8 9. d5 Nb8 10. e4 a5 11. Be3 Na6 12. a3 Nc5 $146 ({RR} 12... Bd7 13. Nd2 Rf8 14. Rb1 Nc5 15. b4 axb4 16. axb4 Na4 17. Ne2 Nh5 18. c5 Bb5 19. Rb3 f5 20. exf5 gxf5 21. Re1 f4 22. gxf4 Nxf4 23. Bxf4 exf4 24. Nf3 Qf6 25. Ned4 Bc4 26. Re6 Bxb3 27. Qxb3 {Mamedyarov,S (2742)-Amin,B (2694) chess.com INT 2023 0-1 (35)}) 13. Nd2 a4 14. Bxc5 dxc5 15. Nxa4 Qe7 16. b3 Bd7 17. Nb2 Ra6 18. Nd3 Rea8 19. Qc1 Ne8 20. Qb2 b6 21. b4 Nd6 22. bxc5 bxc5 23. Nxc5 Nxc4 24. Qb4 Nxd2 25. Nxa6 Qxb4 26. axb4 Nxf1 27. Bxf1 Bf8 28. Rc1 Bd6 29. b5 Ra7 30. h4 Kg7 31. Bd3 f5 32. f3 fxe4 33. fxe4 g5 34. hxg5 Kg6 35. Kf2 Kxg5 36. Be2 Be8 37. Ke3 Rb7 38. Nc5 Ra7 39. Na6 Rb7 40. Rc3 Ra7 41. Kf2 Rb7 42. Nc5 Ra7 43. Ne6+ Kf6 44. g4 Bg6 45. Rc6 Ke7 46. Ra6 Rb7 47. Ke3 Be8 48. Ra8 h6 49. Kf3 Bxb5 50. Bxb5 Rxb5 51. Rh8 Rb3+ 52. Kf2 Rb4 53. Rxh6 Rxe4 54. g5 Rg4 55. Kf3 Rg1 56. Rh7+ Ke8 57. Ke4 Re1+ 58. Kf5 Rf1+ 59. Kg6 e4 60. Nxc7+ Bxc7 61. Rxc7 e3 62. Rc4 Kd7 63. Re4 Re1 64. Re6 e2 65. Kg7 Rg1 66. Rxe2 Rxg5+ 67. Kf6 Rxd5 68. Re5 Rxe5 69. Kxe5 1/2-1/2

[Event "Tata Steel-A 84th"]
[Site "Wijk aan Zee"]
[Date "2022.01.15"]
[Round "1"]
[White "Esipenko, Andrey"]
[Black "Carlsen, Magnus"]
[Result "1/2-1/2"]
[WhiteElo "2714"]
[BlackElo "2865"]
[PlyCount "42"]
[EventDate "2022.01.15"]
[EventType "tourn"]
[EventRounds "13"]
[EventCountry "NED"]
[EventCategory "20"]
[SourceTitle "CBM 206"]
[Source "ChessBase"]
[SourceDate "2022.02.28"]
[SourceVersion "1"]
[SourceVersionDate "2022.02.28"]
[SourceQuality "1"]

1. d4 d5 2. c4 e6 3. Nf3 Nf6 4. Nc3 c6 5. e3 Nbd7 6. Qc2 b6 7. b3 Bb7 8. Bd3 Bd6 9. O-O O-O 10. Bb2 c5 ({RR} 10... Re8 11. Rad1 Rc8 12. e4 e5 13. exd5 cxd5 14. Nb5 Bb8 15. dxe5 dxc4 16. Bxc4 Bxf3 17. gxf3 Bxe5 18. Bxe5 Rxe5 19. Nd6 Nd5 20. Nxc8 Nf4 21. Kh1 Rh5 22. Bxf7+ {1-0 (22) Shankland,S (2725)-Dreev,A (2670) Chess.com INT 2019}) ({RR} 10... h6 11. e4 dxe4 12. Nxe4 Nxe4 13. Bxe4 Nf6 14. c5 Nxe4 15. Qxe4 Bc7 16. Ne5 Qd5 17. Qxd5 exd5 18. Rac1 b5 19. Rfe1 Rfd8 20. Bc3 Re8 21. f3 f6 22. Nd3 Kf7 23. Rxe8 Rxe8 24. Re1 Ra8 25. Bd2 {Yanchenko,R (2462)-Esipenko,A (2599) Yaroslavl 2018 ½-½ (56)}) 11. cxd5 exd5 12. Rfd1 $146 ({RR} 12. dxc5 bxc5 13. e4 d4 14. Nb5 Bf4 15. g3 Bb8 16. Ba3 Ng4 {½-½ (16) Czakon,J (2477)-Stohl,I (2533) Czech Republic 2005}) ({RR} 12. h3 Rc8 13. Qe2 Re8 14. Nb5 Bb8 15. Rfd1 Qe7 16. Rac1 Ne4 17. dxc5 bxc5 18. Bb1 Ndf6 19. Nc3 Nxc3 20. Bxc3 d4 21. Bd2 Qd6 22. Bf5 Rcd8 23. Ba5 Bxf3 24. Qxf3 Qh2+ 25. Kf1 Rd5 26. e4 Rxf5 {Jian,A (2031)-Poormosavi,S (2381) chess.com INT 2024 0-1}) 12... Re8 13. Rac1 a6 14. Bf5 Rc8 15. dxc5 bxc5 16. Na4 Rc7 17. Bc3 Qe7 18. Ba5 Rc6 19. Bc3 Rc7 20. Ba5 Rc6 21. Bc3 Rc7 1/2-1/2

[Event "Tata Steel-A 84th"]
[Site "Wijk aan Zee"]
[Date "2022.01.16"]
[Round "2"]
[White "Carlsen, Magnus"]
[Black "Giri, Anish"]
[Result "1-0"]
[WhiteElo "2865"]
[BlackElo "2772"]
[Annotator "Nielsen,Peter Heine"]
[PlyCount "71"]
[EventDate "2022.01.15"]
[EventType "tourn"]
[EventRounds "13"]
[EventCountry "NED"]
[EventCategory "20"]
[SourceTitle "CBM 206"]
[Source "ChessBase"]
[SourceDate "2022.02.28"]
[SourceVersion "1"]
[SourceVersionDate "2022.02.28"]
[SourceQuality "1"]

{[%evp 0,71,34,34,28,-11,-16,-16,-8,-50,-17,-11,4,-17,19,-70,-67,-67,17,-34,-34,-34,-11,-58,-23,-89,4,19,-9,-7,-37,-51,-22,-28,-28,-73,-53,-41,40,-47,-4,-11,-2,-26,59,16,16,-33,82,134,151,179,179,202,220,224,224,224,224,165,165,176,176,119,197,191,190,212,197,181,231,229,226,227]} 1. d4 Nf6 2. c4 e6 3. Nf3 d5 4. g3 Be7 5. Bg2 O-O 6. O-O dxc4 7. Na3 $6 {Magnus had added the Catalan to his repertoire for the World Championship match, and there played the main move 7 Qc2. With Giri being an expert on the white side as well, it felt natural to try and surpise with a sideline, even at the price of it being perhaps somewhat dubious.} Bxa3 8. bxa3 Bd7 {The solid and sensible reply. 8...b5 is possible, as 9 a4 can be answered by 9...a6! due to white having doubled pawns in the a-line. White has ways to get decent compensation, but whe is objectively better is an open question.} 9. a4 $5 {Vey rare.} Bc6 10. Ba3 Re8 11. Qc2 Nbd7 12. Rac1 {It is a strange kind of position where white can get his pawn back by Qxc4, but only to immediately lose one back after the reply ...Nb6. For black it is not that trivial making a useful move here. 12...Bd5 is followed by13 Rfe1 with e4 to follow, and 12...Nb6 obviously is poked by 13.a5. The game move, along with 12...a5 are reasonable choices, and leads to position like in the game, where white will be a pawn down, but for sufficient compensation.} a6 13. Qxc4 Nb6 14. Qc3 $5 {Luring the knight to tale onm a4 instead of the bishop, and thus getting black a bit more out of balance.} ({RR} 14. Qd3 Be4 15. Qb3 Bd5 16. Qd3 Be4 17. Qb3 Bd5 18. Qc2 a5 19. Rfe1 Bxf3 20. Bxf3 Qxd4 21. Bxb7 Rab8 22. Bc6 Red8 23. Red1 Qe5 24. e4 Qh5 25. Be7 Rxd1+ 26. Qxd1 Ng4 27. h4 f6 28. Bb5 Qg6 {Nilsen,J (2406)-Oye-Stromberg,A (2318) Norway NOR 2025 ½-½ (33)}) 14... Nxa4 15. Qb3 {Again Giri is left with atypical positions to evaluate.} Qd5 $146 (15... Nb6 16. Rxc6 bxc6) ({and} 15... Bb5 16. Rfe1 {followed by 17 e4 obviously leaves whote with compensation for either the exchange or the pawn. Again, it is not a given that it is white who is objectively better, but the pressure on black is considerable from a practical perspective.}) ({RR} 15... Bb5 16. Rfe1 Rc8 17. e4 c6 18. h4 Nd7 19. e5 c5 20. Ng5 cxd4 21. Be4 g6 22. Qf3 Nxe5 23. Qf4 Rxc1 24. Bxc1 f6 25. Nxh7 Kxh7 26. Bxg6+ Kg8 27. Rxe5 Qc7 28. Qxf6 Qxc1+ 29. Kh2 Rf8 30. Bh7+ {Ivanisevic,I (2601)-Cvitan,O (2458) Terme Catez 2022 1-0}) 16. Rxc6 $1 Qxc6 17. Ne5 Qb5 18. Qc2 $1 {Black is a pawn and an exchange up, but the threat of 19.Rb1 still leves him in a very critical situation.} Nd5 $2 (18... Reb8 19. Rb1 Qe8 {is the way to somewhat cordinate while still keeping the knight on a4 protected, but after} 20. Bxb7 {white wins back the pawn and the exchange, keeping some edge.}) ({It is however possible to cut the gordian knot by} 18... Nb6 $1 19. Bxb7 Nc4 $1 {when the tactics do work out in black's favor to the extend that he secures the draw after} 20. Bxa8 Nxa3 21. Qxc7 $2 ({and thus white is left with} 21. Qc6 {when} Qxe2 {holds the balance}) 21... Rxa8 22. Qxf7+ Kh8 23. Qxe6 Qe8 $1 {parries the attack,}) 19. Rb1 Qa5 20. Bxd5 $6 {Probably enough to keep a winning position,} ({but} 20. Be4 $1 {was a much cleaner solution. The point being that after} g6 21. Bxd5 {White gets a much improved version of the game. The f6 square is weakened, but even more importantly so is the 7. rank! The main point being} Qxd5 {now can be met by} 22. Qxc7 b5 23. Qxf7+ Kh8 24. Rc1 $1 {with an immediate win as 25 Rc7 is unstoppable with mate to follow.}) 20... exd5 $2 {Giri thought for quite a while here, making this a puzzling mistake.} (20... Qxd5 {now is possible as} 21. Qxc7 (21. Qxa4 f6 $1 22. Nd3 Qxa2) 21... b5 $1 22. Qxf7+ Kh8 {leaves white lacking an obvious next move to strengthen the attack. So he will have to settle for 21 Qxa4 f6! 22 Nd3 Qxa2.}) (20... Nc3 21. Bb4 $1 Nxe2+ 22. Qxe2 Qxd5 23. Rc1 c6 {In both scenarios white has the better position where his 2 pieces and attacking chances outweighs black's rook and 2 pawns. Still black very much has chances to defend, especially due to the black pawn still being on g7!}) 21. Rxb7 {Blacks position is worse than it perhaps seems. The threat is 22 Bb4 trapping the black queen, and while it can escape via 22...Qe1+ it just means that after 23 Kg2 the knight on a4 lacks protection. Thus black has to time to defend against the threat on the 7-rank. Giri takes drastic measures, but it is too late.} c5 22. Qf5 Rf8 23. Nxf7 Qd8 24. dxc5 $1 {Blacks problem is that while he did hame numerous way to prevent immediate mate, they all come at too high a price.} Qf6 $5 25. Qxf6 $1 {The only winning move, as} (25. Qxd5 $4 Nc3 $1 {turns the tables to the extend where it is white who then has to force the draw with} 26. Nh6+ Kh8 27. Nf7+) 25... gxf6 26. Nh6+ Kh8 27. c6 Rfc8 28. c7 {Black is doomed to passively await the transfer of the white knight to d6.} Nc3 29. Bb2 d4 30. Nf7+ Kg7 31. Nd6 Kg6 {oses trivialy.} (31... Nxe2+ 32. Kf1 Nc3 33. Bxc3 dxc3 34. Ke2 {oses trivially.}) 32. Kf1 Nb5 33. Nxc8 Rxc8 34. a4 Nxc7 35. Bxd4 Ne6 36. Be3 {And here Giri resigned.} 1-0